000 00689cam a2200241 4500
001 M1482
008 090401t1994 xxu||||| |||| 00| 0 eng d
035 _a(Sirsi) u32311
041 _aeng
050 _a333.0023
090 _aRICS 1994/17ABC
110 _aRoyal Institution of Chartered Surveyors
_94900
245 _aCPD starter pack. - January 1994
260 _aLondon
_bRICS
_c1994
300 _a25p. ; 30cm.
350 _a0
650 _aABOUT RICS-RICS MEMBERS
650 _aCONTINUING PROFESSIONAL DEVELOPMENT
690 _aMANAGEMENT-BUSINESS MANAGEMENT-PROFESSIONAL PRACTICE
710 _aSociety of Surveying Technicians
_93045
942 _n0
948 _c04/03/1997
999 _c89715
_d89715